Find ???? - Statistics

General Stats
  • This quiz has been taken 54 times
  • The average score is 39 of 48
Answer Stats
Question Tile Select % Correct
Find the Cow and Tanzania No
100%
Find the Cow and Tanzania No
100%
Find the Cow and Tanzania No
100%
Find the Cow and Tanzania No
100%
Find the Cow and Tanzania No
100%
Find the Cow and Tanzania No
100%
Find the Cow and Tanzania No
98%
Find the Cow and Tanzania No
95%
Find the Cow and Tanzania No
93%
... or find the Mexican's flag or the Horse No
90%
... or find the Mexican's flag or the Horse No
90%
find the australia flag No
90%
find the australia flag No
90%
find the australia flag No
90%
find the australia flag No
90%
find the australia flag No
90%
find the australia flag No
90%
find the australia flag No
90%
Find the Cow and Tanzania Yes
86%
... or find the Mexican's flag or the Horse No
83%
... or find the Mexican's flag or the Horse No
83%
... or find the Mexican's flag or the Horse No
83%
... or find the Mexican's flag or the Horse No
83%
... or find the Mexican's flag or the Horse No
83%
... or find the Mexican's flag or the Horse No
83%
find the australia flag No
83%
find the australia flag No
83%
find the australia flag No
83%
find the australia flag No
83%
find the australia flag No
83%
find the australia flag No
83%
find the australia flag No
83%
... or find the Mexican's flag or the Horse No
81%
Find the Cow and Tanzania Yes
74%
find the australia flag Yes
74%
Find the Cow and Tanzania Yes
71%
Find the Cow and Tanzania Yes
69%
Find the Cow and Tanzania Yes
69%
Find the Cow and Tanzania Yes
67%
find the australia flag Yes
64%
Find the Cow and Tanzania Yes
62%
... or find the Mexican's flag or the Horse Yes
62%
... or find the Mexican's flag or the Horse Yes
60%
... or find the Mexican's flag or the Horse Yes
60%
... or find the Mexican's flag or the Horse Yes
57%
... or find the Mexican's flag or the Horse Yes
55%
... or find the Mexican's flag or the Horse Yes
50%
... or find the Mexican's flag or the Horse Yes
50%
No matching quizzes found
Score Distribution
Percent of People with Each Score
Percentile by Number Answered
Your Score History
You have not taken this quiz